| 000 | 00624nam a2200217Ia 4500 | ||
|---|---|---|---|
| 003 | OSt | ||
| 005 | 20240928091533.0 | ||
| 008 | 210210b1998 xxu||||| |||| 00| 0 eng d | ||
| 040 | _cAL | ||
| 041 | _aKannada | ||
| 082 | _aK894.3 SUHB | ||
| 100 |
_aSUHARA (B M). _dಸುಹರಾ (ಬಿ.ಎಂ) _9171527 |
||
| 245 |
_aBale. _b ಬಲೆ |
||
| 260 |
_aMangaluru _bChandragiri Prakashana _c1998 |
||
| 300 | _aiv,133 | ||
| 650 |
_aSara Abubakkar _9171528 |
||
| 690 |
_aKannada Fiction _9171529 |
||
| 700 |
_aSara Abubakkar _dಸಾರಾ ಅಬೂಬಕ್ಕರ್ tr _9171530 |
||
| 906 | _a053959 | ||
| 942 |
_2ddc _cBK |
||
| 999 |
_c102050 _d102050 |
||